#2 Lyrics erraten - Statistics

General Stats
  • This quiz has been taken 12 times
  • The average score is 142 of 321
Answer Stats
Answer % Correct
a
100%
A
100%
I
100%
an
90%
be
90%
can
90%
it
90%
it?
90%
it,
90%
me
90%
me,
90%
When
90%
you
90%
You
90%
your
90%
and
80%
And
80%
are
80%
is
80%
the
80%
To
80%
to
80%
Will
80%
will
80%
life
70%
on
70%
one
70%
so
70%
we
70%
by
60%
end
60%
in?
60%
In
60%
in
60%
Just
60%
mine
60%
my
60%
of
60%
see
60%
World
60%
world
60%
hand,
50%
heart
50%
sin,
50%
them
50%
ever
40%
face
40%
make
40%
Nothing
40%
Oh,
40%
this
40%
up
40%
us
40%
us,
40%
without
40%
Yeah,
40%
bit
30%
break
30%
cold
30%
Cold
30%
dark
30%
glass,
30%
has
30%
inside
30%
our
30%
than
30%
another
20%
behind
20%
comes
20%
every
20%
from
20%
Gonna
20%
gonna
20%
heaven
20%
hold
20%
Let
20%
light
20%
Living
20%
or
20%
save
20%
step
20%
Tell
20%
tell
20%
through
20%
Took
20%
until
20%
within
20%
beating
10%
black,
10%
blood
10%
´Cause
10%
consequence
10%
cost,
10%
Cut
10%
cutthroat
10%
Deep
10%
edge,
10%
given
10%
gotta
10%
house
10%
hunter
10%
line
10%
natural
10%
Natural
10%
pray
10%
prey
10%
price
10%
product
10%
standing
10%
stars
10%
stone
10%
strong
10%
taste
10%
That´s
10%
truth,
10%
truth
10%
you´re
10%
youth
10%
align?
0%
away
0%
bleeds
0%
cast
0%
fading
0%
find
0%
gatta
0%
happening?
0%
I´m
0%
I´m faging
0%
knowing
0%
Leave
0%
Lookong
0%
oath
0%
past
0%
pay
0%
peaces,
0%
Rather
0%
shadowing?
0%
somebody
0%
stands
0%
swear
0%
today
0%
trees
0%
upon
0%
What´s
0%
won´t
0%
wrong
0%
No matching quizzes found
Score Distribution
Percent of People with Each Score
Percentile by Number Answered
Your Score History
You have not taken this quiz